El vals de las sombras (Record no. 174045)
[ view plain ]
| 000 -LEADER | |
|---|---|
| campo de control de longitud fija | 00935namaa22002051 4500 |
| 001 - NÚMERO DE CONTROL | |
| campo de control | 174045 |
| 003 - IDENTIFICADOR DE NÚMERO DE CONTROL | |
| campo de control | ES-MaACL |
| 005 - FECHA Y HORA DE LA ÚLTIMA TRANSACCIÓN | |
| campo de control | 20251114103629.0 |
| 008 - DATOS DE LONGITUD FIJA--INFORMACIÓN GENERAL | |
| campo de control de longitud fija | 100209s1908 sp |||| | spa d |
| 100 1# - ENTRADA PRINCIPAL--NOMBRE DE PERSONA | |
| Nombre de persona | Dicenta, Joaquín, |
| Fechas asociadas al nombre | 1863-1917 |
| 9 (RLIN) | 44474 |
| 245 13 - MENCIÓN DEL TÍTULO | |
| Título | El vals de las sombras |
| Resto del título | : juguete cómico-lírico, en un acto y en prosa / |
| Mención de responsabilidad, etc. | original de Joaquin Dicenta ; música del maestro Valverde (hijo). |
| 250 ## - MENCION DE EDICION | |
| Mención de edición | 2ª ed. |
| 260 ## - PUBLICACIÓN, DISTRIBUCIÓN, ETC. | |
| Lugar de publicación, distribución, etc. | Madrid : |
| Nombre del editor, distribuidor, etc. | Sociedad de Autores Españoles, |
| Fecha de publicación, distribución, etc. | 1908 ( |
| Fabricante | R. Velasco) |
| 300 ## - DESCRIPCIÓN FÍSICA | |
| Extensión | 37 p., 1 h. ; |
| Dimensiones | 20 cm. |
| 500 ## - NOTA GENERAL | |
| Nota general | Es solo la letra. |
| 500 ## - NOTA GENERAL | |
| Nota general | En port.: Estrenado en el teatro Eslava la noche del 8 de marzo de 1906. |
| 700 1# - ENTRADA AGREGADA--NOMBRE PERSONAL | |
| Nombre de persona | Valverde, Joaquín, |
| Fechas asociadas al nombre | 1875-1918 |
| 9 (RLIN) | 142098 |
| 852 ## - LOCALIZACIÓN | |
| Ubicación | ES-MaACL |
| Número de control de estantería | F-8647(9) |
| Nota libre | .- Enc. hol. conservando la cub. original |
| -- | .- Enc. en un vol. facticio formando parte de la col. facticia "Teatro español moderno" v. 104 |
| Estatus retirado | Estado de pérdida | Estado de daño | No para préstamo | Biblioteca de origen | Biblioteca actual | Ubicación en estantería | Fecha de adquisición | Fuente de adquisición | Total de préstamos | Signatura topográfica completa | Código de barras | Visto por última vez | Precio de reemplazo | Tipo de ítem Koha |
|---|---|---|---|---|---|---|---|---|---|---|---|---|---|---|
| Biblioteca del Ateneo de Madrid | Biblioteca del Ateneo de Madrid | Sala Pecera Planta 2 | 09/02/2010 | F-8647(9) | 1182694 | 23/02/2023 | 23/02/2023 | Libro impreso |
